| 000 | 00574nam a2200193Ia 4500 | ||
|---|---|---|---|
| 003 | GCL | ||
| 005 | 20240530095600.0 | ||
| 008 | 140319s9999 xx 000 0 ara d | ||
| 040 |
_aGCL / _cGCL |
||
| 082 | 0 | 4 |
_a069.0962 _bق/م م |
| 245 | 1 | 0 | _aمتحف بنى سويف |
| 260 |
_aالقاهرة : _bالمجلس الاعلى للاثار ، _c1997 |
||
| 300 |
_a ؛ _c18 سم |
||
| 650 | 0 | 4 | _aالاثار الفرعونية |
| 650 | 0 | 4 | _aمصر - متاحف |
| 650 | 0 | 4 | _aبنى سويف - تاريخ |
| 650 | 0 | 4 | _aمصر القديمة - تاريخ |
| 942 |
_2ddc _cBK |
||
| 999 |
_c8560 _d8560 |
||